000 00928nas a2200277 454500
001 27140
005 20260407193507.0
008 260407s1997####ag###########|||spa#d
003 AR-UNSa-BCEJYS
040 _aAR-UNSa-BCEJYS
_bspa
_cAR-UNSa-BCEJYS
080 _a311.3
_xOrganización general de las estadisticas. Estadística oficial
245 1 0 _aEncuesta de supermercados
_pinformación de prensa
264 1 _aBuenos Aires :
_bINDEC
_c1997
310 _aFrecuencia: Mensual
942 _cSER
590 _aniveau_biblio:s niveau_hierar:1
100 1 _aInstituto Nacional de Estadística y Censos (INDEC)
650 _aPrecio
650 _aComercio
650 _aDatos estadísticos
650 _aEncuesta
650 _aComercio interno
650 _aVENTA
650 _aCOMERCIO MINORISTA
856 4 1 _uhttps://biblioeco.unsa.edu.ar/pmb/images/revistas/Encuesta de Supermecado-r13142.jpg
_yImagen de portada
_qimage/jpeg
999 _c8618
_d8618